Podnikateľská opatrnosť vo finančnej kríze
Ako ochrániť investície. Zákony peňazí k dlhodobej prevencii. Opatrenia k finančnej obozretnosti vo firme. Peňažná ochrana rodiny a osobných financií. Podnikateľská opatrnosť s peniazmi v kríze.
Gespeichert in:
| 1. Verfasser: | |
|---|---|
| Format: | Buchkapitel |
| Sprache: | Slowakisch |
| Schlagworte: | |
| Tags: |
Keine Tags, Fügen Sie das erste Tag hinzu!
|
MARC
| LEADER | 00000naa$a2200000$$$4500 | ||
|---|---|---|---|
| 001 | 0088533 | ||
| 005 | 20231120082729.7 | ||
| 041 | 0 | |a slo | |
| 044 | |a SK | ||
| 245 | 1 | 0 | |a Podnikateľská opatrnosť vo finančnej kríze |c Emil Burák |
| 520 | |a Ako ochrániť investície. Zákony peňazí k dlhodobej prevencii. Opatrenia k finančnej obozretnosti vo firme. Peňažná ochrana rodiny a osobných financií. Podnikateľská opatrnosť s peniazmi v kríze. | ||
| 610 | 2 | 0 | |a kríza finančná |
| 610 | 2 | 0 | |a ochrana investícií |
| 610 | 2 | 0 | |a peniaze |
| 610 | 2 | 0 | |a firmy |
| 610 | 2 | 0 | |a opatrenia |
| 610 | 2 | 0 | |a opatrenia podniku úsporné |
| 100 | 1 | |a Burák, Emil | |